| 000 | 00643nam a2200181Ia 4500 | ||
|---|---|---|---|
| 008 | 190422s9999 xx 000 0 und d | ||
| 100 | _aCovner, Christine T. | ||
| 245 | _aDiversity and education of the nursing workforce 2006-2016 / | ||
| 245 | _cChristine T. Covner PhD RN FAAN, Maja Djukic PhD Rn, Jin Jun MSN RN, Jason Fletcher PhD, Farida K. Fatehi MS BDS, & Carol S. Brewer PhD RN FAAN .-- | ||
| 260 | _bElsevier | ||
| 260 | _c2018 | ||
| 300 | _apages 160-167, March/April 2018 | ||
| 440 |
_aNursing Outlook _v66(2) |
||
| 650 | _aHealth economics | ||
| 650 | _aNursing | ||
| 650 | _aWork force | ||
| 650 | _aWorkforce Issues | ||
| 999 |
_c361426 _d361426 |
||